00341nam a2200133Ia 4500008004100000020001800041041000800059082001600067100001500083245003600098250000900134260004500143700001900188230717s9999 xx 000 0 und d a81-87629-38-X aeng a342.54bSWA aSwarup, J  aConstitutional Of India Vol-iii a2ed. aNew DelhibModern Law Publicationsc2006 a Singhvi, L, M